| 000 | 00632nam a22001937a 4500 | ||
|---|---|---|---|
| 005 | 20180427153450.0 | ||
| 010 | _aENG-122824 | ||
| 020 |
_a9789386643407 _c1495.00 |
||
| 035 | _aEN-106356 | ||
| 037 | _bDBAD/PUB. | ||
| 082 | _a343.93055 | ||
| 100 | _aGarg, Rakesh | ||
| 245 |
_aGST Laws manual : _cby Rakesh garg [and] Sandeep garg _bActs rules and forms / |
||
| 260 |
_aNew Delhi _bBloomsbury _c2017 |
||
| 270 |
_a2nd Floor, Building No.4, DDA Complex LSC, Pocket-C-6&&, Vasant Kunj, _bNew Delhi _e110070 |
||
| 300 | v |
_axiv, 1003p. _c24cm(pbk) |
|
| 700 | _aGarg, Sandeep | ||
| 942 |
_2ddc _cEN _mGAR _h343.93055 |
||
| 999 |
_c151797 _d151797 |
||